Capitalismo: tierra y poder en América Latina 1982-2012. Argentina, Brasil, Chile, Paraguay, Uruguay
Guardat en:
| Autors principals: | , , , |
|---|---|
| Format: | Llibre |
| Idioma: | espanyol |
| Publicat: |
Buenos Aires
Ediciones Continente
2015
|
| Edició: | 1a. ed |
| Col·lecció: | Biblioteca Artillería del Pensamiento
|
| Matèries: | |
| Etiquetes: |
Afegir etiqueta
Sense etiquetes, Sigues el primer a etiquetar aquest registre!
|
MARC
| LEADER | 00000cam a2200000 a 4500 | ||
|---|---|---|---|
| 001 | UCD3744 | ||
| 003 | CL-VaPUC | ||
| 008 | 160616e20150000ag |||||||||||||||||spa|d | ||
| 020 | |a 9789507545450 | ||
| 082 | 0 | 4 | |a 330.8 |b ALM |2 21 |
| 100 | 0 | |a Almeyra, Guillermo |e author |9 587327 | |
| 700 | 0 | |a Concheiro Bórquez, Luciano |e author |9 587328 | |
| 700 | 0 | |a Pereira, Joao Marcio Mendes |e author |9 587329 | |
| 700 | |a Porto Goncalves, Carlos Walter |e author |9 587330 | ||
| 245 | 1 | 0 | |a Capitalismo: tierra y poder en América Latina 1982-2012. Argentina, Brasil, Chile, Paraguay, Uruguay |
| 250 | |a 1a. ed | ||
| 300 | |a 264 p | ||
| 942 | |c BK | ||
| 945 | |d 20160616 22:39:00 |a dcastane | ||
| 260 | |a Buenos Aires |b Ediciones Continente |c 2015 | ||
| 650 | 0 | |a Economía |9 255568 | |
| 650 | 0 | |a Capitalismo |9 255255 | |
| 583 | |a last modification |c 20160616 22:39:00 |k Rodrigo Vera | ||
| 490 | 0 | |a Biblioteca Artillería del Pensamiento | |
| 999 | |c 364770 |d 364768 | ||
| 952 | |0 0 |1 0 |3 erb |4 0 |6 330_800000000000000_ALM_2015 |7 0 |8 A |9 478353 |a BIBING |b BIBING |i 5291917 |o 330.8 ALM 2015 |p 5291917 |r 2025-01-20 |w 2019-11-24 |y BK |z Catalogado en:20160616 |k GEO | ||